<?xml version="1.0" encoding="UTF-8"?>
<record
    xmlns:xsi="http://www.w3.org/2001/XMLSchema-instance"
    xsi:schemaLocation="http://www.loc.gov/MARC21/slim http://www.loc.gov/standards/marcxml/schema/MARC21slim.xsd"
    xmlns="http://www.loc.gov/MARC21/slim">

  <leader>00492nam a22001817a 4500</leader>
  <controlfield tag="003">OSt</controlfield>
  <controlfield tag="008">240516b2023    |||||||| |||| 00| 0 eng d</controlfield>
  <datafield tag="020" ind1=" " ind2=" ">
    <subfield code="a">9789355324764</subfield>
  </datafield>
  <datafield tag="082" ind1=" " ind2=" ">
    <subfield code="a">160</subfield>
    <subfield code="b">MOO-C</subfield>
  </datafield>
  <datafield tag="100" ind1=" " ind2=" ">
    <subfield code="a">Moore, Brooke Noel</subfield>
  </datafield>
  <datafield tag="245" ind1=" " ind2=" ">
    <subfield code="a">Critical thinking /</subfield>
    <subfield code="c">Brooke Noel More and Richard Parker.</subfield>
  </datafield>
  <datafield tag="250" ind1=" " ind2=" ">
    <subfield code="a">13th</subfield>
  </datafield>
  <datafield tag="260" ind1=" " ind2=" ">
    <subfield code="a">New York :</subfield>
    <subfield code="b">McGraw Hill Education,</subfield>
    <subfield code="c">2023.</subfield>
  </datafield>
  <datafield tag="300" ind1=" " ind2=" ">
    <subfield code="a">xxi, 495 p. ;</subfield>
  </datafield>
  <datafield tag="650" ind1=" " ind2=" ">
    <subfield code="a">Critical thinking</subfield>
  </datafield>
  <datafield tag="700" ind1=" " ind2=" ">
    <subfield code="a">Parker, Richard</subfield>
  </datafield>
  <datafield tag="942" ind1=" " ind2=" ">
    <subfield code="2">ddc</subfield>
    <subfield code="c">BK</subfield>
    <subfield code="0">6</subfield>
  </datafield>
  <datafield tag="999" ind1=" " ind2=" ">
    <subfield code="c">20540</subfield>
    <subfield code="d">20540</subfield>
  </datafield>
  <datafield tag="952" ind1=" " ind2=" ">
    <subfield code="0">0</subfield>
    <subfield code="1">0</subfield>
    <subfield code="2">ddc</subfield>
    <subfield code="4">0</subfield>
    <subfield code="7">0</subfield>
    <subfield code="a">SOBD</subfield>
    <subfield code="b">SOBD</subfield>
    <subfield code="d">2024-04-11</subfield>
    <subfield code="e">Vedi Books</subfield>
    <subfield code="f">INR</subfield>
    <subfield code="g">795.00</subfield>
    <subfield code="o">160 MOO-C1</subfield>
    <subfield code="p">005636</subfield>
    <subfield code="r">2024-05-16</subfield>
    <subfield code="t">1</subfield>
    <subfield code="w">2024-04-11</subfield>
    <subfield code="y">REF</subfield>
    <subfield code="k">VEDI/24-25/04/11</subfield>
  </datafield>
  <datafield tag="952" ind1=" " ind2=" ">
    <subfield code="0">0</subfield>
    <subfield code="1">0</subfield>
    <subfield code="2">ddc</subfield>
    <subfield code="4">0</subfield>
    <subfield code="7">0</subfield>
    <subfield code="a">SOBD</subfield>
    <subfield code="b">SOBD</subfield>
    <subfield code="d">2024-04-11</subfield>
    <subfield code="e">Vedi Books</subfield>
    <subfield code="f">INR</subfield>
    <subfield code="g">795.00</subfield>
    <subfield code="o">160 MOO-C2</subfield>
    <subfield code="p">005637</subfield>
    <subfield code="r">2024-05-16</subfield>
    <subfield code="t">2</subfield>
    <subfield code="w">2024-04-11</subfield>
    <subfield code="y">BK</subfield>
    <subfield code="k">VEDI/24-25/04/11</subfield>
  </datafield>
  <datafield tag="952" ind1=" " ind2=" ">
    <subfield code="0">0</subfield>
    <subfield code="1">0</subfield>
    <subfield code="2">ddc</subfield>
    <subfield code="4">0</subfield>
    <subfield code="7">0</subfield>
    <subfield code="a">SOBD</subfield>
    <subfield code="b">SOBD</subfield>
    <subfield code="d">2024-04-11</subfield>
    <subfield code="e">Vedi Books</subfield>
    <subfield code="f">INR</subfield>
    <subfield code="g">795.00</subfield>
    <subfield code="l">2</subfield>
    <subfield code="o">160 MOO-C3</subfield>
    <subfield code="p">005638</subfield>
    <subfield code="r">2025-06-19</subfield>
    <subfield code="s">2025-05-28</subfield>
    <subfield code="t">3</subfield>
    <subfield code="w">2024-04-11</subfield>
    <subfield code="y">BK</subfield>
    <subfield code="k">VEDI/24-25/04/11</subfield>
  </datafield>
  <datafield tag="952" ind1=" " ind2=" ">
    <subfield code="0">0</subfield>
    <subfield code="1">0</subfield>
    <subfield code="2">ddc</subfield>
    <subfield code="4">0</subfield>
    <subfield code="7">0</subfield>
    <subfield code="a">SOBD</subfield>
    <subfield code="b">SOBD</subfield>
    <subfield code="d">2024-04-11</subfield>
    <subfield code="e">Vedi Books</subfield>
    <subfield code="f">INR</subfield>
    <subfield code="g">795.00</subfield>
    <subfield code="l">1</subfield>
    <subfield code="o">160 MOO-C4</subfield>
    <subfield code="p">005639</subfield>
    <subfield code="r">2024-07-25</subfield>
    <subfield code="s">2024-07-11</subfield>
    <subfield code="t">4</subfield>
    <subfield code="w">2024-04-11</subfield>
    <subfield code="y">BK</subfield>
    <subfield code="k">VEDI/24-25/04/11</subfield>
  </datafield>
  <datafield tag="952" ind1=" " ind2=" ">
    <subfield code="0">0</subfield>
    <subfield code="1">0</subfield>
    <subfield code="2">ddc</subfield>
    <subfield code="4">0</subfield>
    <subfield code="7">0</subfield>
    <subfield code="a">SOBD</subfield>
    <subfield code="b">SOBD</subfield>
    <subfield code="d">2024-04-11</subfield>
    <subfield code="e">Vedi Books</subfield>
    <subfield code="f">INR</subfield>
    <subfield code="g">795.00</subfield>
    <subfield code="l">2</subfield>
    <subfield code="m">1</subfield>
    <subfield code="o">160 MOO-C5</subfield>
    <subfield code="p">005640</subfield>
    <subfield code="r">2024-11-25</subfield>
    <subfield code="s">2024-10-28</subfield>
    <subfield code="t">5</subfield>
    <subfield code="w">2024-04-11</subfield>
    <subfield code="y">BK</subfield>
    <subfield code="k">VEDI/24-25/04/11</subfield>
  </datafield>
  <datafield tag="952" ind1=" " ind2=" ">
    <subfield code="0">0</subfield>
    <subfield code="1">0</subfield>
    <subfield code="2">ddc</subfield>
    <subfield code="4">0</subfield>
    <subfield code="7">0</subfield>
    <subfield code="a">SOBD</subfield>
    <subfield code="b">SOBD</subfield>
    <subfield code="d">2024-04-11</subfield>
    <subfield code="e">Vedi Books</subfield>
    <subfield code="f">INR</subfield>
    <subfield code="g">795.00</subfield>
    <subfield code="o">160 MOO-C6</subfield>
    <subfield code="p">005641</subfield>
    <subfield code="r">2024-08-06</subfield>
    <subfield code="t">6</subfield>
    <subfield code="w">2024-04-11</subfield>
    <subfield code="y">BK</subfield>
    <subfield code="k">VEDI/24-25/04/11</subfield>
  </datafield>
  <datafield tag="952" ind1=" " ind2=" ">
    <subfield code="0">0</subfield>
    <subfield code="1">0</subfield>
    <subfield code="2">ddc</subfield>
    <subfield code="4">0</subfield>
    <subfield code="7">0</subfield>
    <subfield code="a">SOBD</subfield>
    <subfield code="b">SOBD</subfield>
    <subfield code="d">2024-04-11</subfield>
    <subfield code="e">Vedi Books</subfield>
    <subfield code="f">INR</subfield>
    <subfield code="g">795.00</subfield>
    <subfield code="l">1</subfield>
    <subfield code="o">160 MOO-C7</subfield>
    <subfield code="p">005642</subfield>
    <subfield code="r">2024-08-27</subfield>
    <subfield code="s">2024-08-12</subfield>
    <subfield code="t">7</subfield>
    <subfield code="w">2024-04-11</subfield>
    <subfield code="y">BK</subfield>
    <subfield code="k">VEDI/24-25/04/11</subfield>
  </datafield>
</record>
